Introductory botany (Record no. 13402)

MARC details
000 -LEADER
fixed length control field 00504 a2200205 4500
001 - CONTROL NUMBER
control field 147389
003 - CONTROL NUMBER IDENTIFIER
control field OSt
005 - DATE AND TIME OF LATEST TRANSACTION
control field 20210917110544.0
008 - FIXED-LENGTH DATA ELEMENTS--GENERAL INFORMATION
fixed length control field
020 ## - INTERNATIONAL STANDARD BOOK NUMBER
International Standard Book Number 8171338356
082 ## - DEWEY DECIMAL CLASSIFICATION NUMBER
Classification number 580
Item number B43I
100 1# - MAIN ENTRY--PERSONAL NAME
Personal name Bendre, Ashok M.
245 1# - TITLE STATEMENT
Title Introductory botany
Statement of responsibility, etc by Ashok M. Bendre and P. C. Pande
250 ## - EDITION STATEMENT
Edition statement 4th ed.
260 ## - PUBLICATION, DISTRIBUTION, ETC. (IMPRINT)
Place of publication, distribution, etc Merrut
Name of publisher, distributor, etc Rastogi Publications
Date of publication, distribution, etc 2014
300 ## - PHYSICAL DESCRIPTION
Extent 1294p.
653 ## - INDEX TERM--UNCONTROLLED
Uncontrolled term Botany
700 ## - ADDED ENTRY--PERSONAL NAME
Personal name Pande, P. C.
942 ## - ADDED ENTRY ELEMENTS (KOHA)
Source of classification or shelving scheme Dewey Decimal Classification
Koha item type Books
Holdings
Withdrawn status Lost status Damaged status Not for loan Collection code Home library Current library Date acquired Source of acquisition Cost, normal purchase price Total Checkouts Full call number Barcode Date last seen Date checked out Price effective from Koha item type
        General Text Book Central University Of Rajasthan Central University Of Rajasthan 11/09/2015 BCH 0.00 4 580 B43I 20875 23/12/2024 21/11/2024 02/09/2020 Books
        General Text Book Central University Of Rajasthan Central University Of Rajasthan 11/09/2015 BCH 0.00   580 B43I 20876 21/11/2024   02/09/2020 Books
        General Text Book Central University Of Rajasthan Central University Of Rajasthan 11/09/2015 BCH 0.00   580 B43I 20867 21/11/2024   02/09/2020 Books
        General Text Book Central University Of Rajasthan Central University Of Rajasthan 11/09/2015 BCH 0.00   580 B43I 20868 21/11/2024   02/09/2020 Books
        General Text Book Central University Of Rajasthan Central University Of Rajasthan 11/09/2015 BCH 0.00   580 B43I 20869 21/11/2024   02/09/2020 Books
        General Text Book Central University Of Rajasthan Central University Of Rajasthan 11/09/2015 BCH 0.00 2 580 B43I 20870 18/12/2025 04/12/2025 02/09/2020 Books
        General Text Book Central University Of Rajasthan Central University Of Rajasthan 11/09/2015 BCH 0.00   580 B43I 20871 21/11/2024   02/09/2020 Books
        General Text Book Central University Of Rajasthan Central University Of Rajasthan 11/09/2015 BCH 0.00 3 580 B43I 20872 14/10/2024 01/10/2024 02/09/2020 Books
        General Text Book Central University Of Rajasthan Central University Of Rajasthan 11/09/2015 BCH 0.00   580 B43I 20873 21/11/2024   02/09/2020 Books
        General Text Book Central University Of Rajasthan Central University Of Rajasthan 11/09/2015 BCH 0.00   580 B43I 20874 21/11/2024   02/09/2020 Books